| 000 | 00575nam a22001697a 4500 | ||
|---|---|---|---|
| 999 |
_c4218 _d234722 |
||
| 080 | _a347.995 Ac 64 | ||
| 100 | _aAcosta, Miguel Angel | ||
| 245 |
_aUn Siglo de existencia del Juzgado de Paz de Mar del Plata. 1880 1979 _btrayectoria durante los primeros veinticinco aƱos en particular la competencia mercantil |
||
| 260 |
_aMar del Plata _bUniversidad Nacional de Mar del Plata _cS/F |
||
| 300 | _a39 P. | ||
| 650 | _xjuzgado de Paz | ||
| 650 | _xMar del Plata | ||
| 650 | _xdecreto 715 | ||
| 650 | _xley 9229 | ||
| 942 | _6_ | ||
| 945 |
_acd _d2015-11-06 |
||